Association of Corporate Approved Inspectors (Record no. 120187)
[ view plain ]
| 000 -LEADER | |
|---|---|
| fixed length control field | 00727cam a2200193 4500 |
| 001 - CONTROL NUMBER | |
| control field | WS119498 |
| 008 - FIXED-LENGTH DATA ELEMENTS--GENERAL INFORMATION | |
| fixed length control field | 020830n 000 0 eng u |
| 035 ## - SYSTEM CONTROL NUMBER | |
| System control number | (Sirsi) u119498 |
| 110 ## - MAIN ENTRY--CORPORATE NAME | |
| Corporate name or jurisdiction name as entry element | Association of Corporate Approved Inspectors |
| 9 (RLIN) | 4341 |
| 245 ## - TITLE STATEMENT | |
| Title | Association of Corporate Approved Inspectors |
| 520 ## - SUMMARY, ETC. | |
| Summary, etc. | Web site for this organisation which aims to develop an understanding of private sector building control by corporate approved inspectors. |
| 650 ## - SUBJECT ADDED ENTRY--TOPICAL TERM | |
| Topical term or geographic name entry element | APPROVED INSPECTORS |
| 650 ## - SUBJECT ADDED ENTRY--TOPICAL TERM | |
| Topical term or geographic name entry element | BUILDING ACT 1984 |
| 650 ## - SUBJECT ADDED ENTRY--TOPICAL TERM | |
| Topical term or geographic name entry element | BUILDING CONTROL |
| 9 (RLIN) | 6222 |
| 650 ## - SUBJECT ADDED ENTRY--TOPICAL TERM | |
| Topical term or geographic name entry element | ORGANISATION |
| 690 ## - LOCAL SUBJECT ADDED ENTRY--TOPICAL TERM (OCLC, RLIN) | |
| Topical term or geographic name as entry element | BUILT ENVIRONMENT |
| 856 40 - ELECTRONIC LOCATION AND ACCESS | |
| Uniform Resource Identifier | <a href="https://www.acai.org.uk">https://www.acai.org.uk</a> |
| Public note | View the website free of charge at www.acai.org.uk... |
| 942 ## - ADDED ENTRY ELEMENTS (KOHA) | |
| Suppress in OPAC | 0 |
| Withdrawn status | Lost status | Source of classification or shelving scheme | Damaged status | Not for loan | Home library | Current library | Shelving location | Date acquired | Total Checkouts | Full call number | Barcode | Date last seen | Copy number | Price effective from | Koha item type |
|---|---|---|---|---|---|---|---|---|---|---|---|---|---|---|---|
| Dewey Decimal Classification | Virtual | Virtual | Online | 30/08/2002 | WEB SITE | 119498-2001 | 06/08/2019 | 1 | 06/08/2019 | Online material |